[Event "FIDE WRBTC Blitz-Pool 2024"]
[Site "Astana"]
[Date "2024.08.05"]
[Round "7.18"]
[White "Mero, Aghiad."]
[Black "Ermekbaev, Iliyas"]
[Result "1-0"]
[WhiteElo "1817"]
[BlackElo "1621"]
[Annotator "NA"]
[PlyCount "45"]
[EventDate "2024.08.01"]
[EventType "team-tourn"]
[EventCountry "KAZ"]
[SourceTitle "playchess.com"]
[Source "ChessBase"]
[SourceQuality "1"]

1. b3 e5 2. Bb2 Nc6 3. e3 Nf6 4. Bb5 d6 5. d4 exd4 6. Qxd4 Bd7 7. Bxc6 Bxc6 8. Nf3 Be7 9. Nc3 O-O 10. O-O-O a5 11. a4 Rb8 12. e4 b5 13. axb5 Bxb5 14. Nxb5 Rxb5 15. Rhe1 c5 16. Qd3 Qb6 17. e5 dxe5 18. Nxe5 a4 19. Nc4 Qb7 20. bxa4 Rb4 21. a5 Rb8 22. Qc3 Rxc4 23. Rxe7 1-0

[Event "FIDE WRBTC Blitz-Pool 2024"]
[Site "Astana"]
[Date "2024.08.05"]
[Round "7.18"]
[White "Karepov, Ilya"]
[Black "Altynbek, Aiaru"]
[Result "0-1"]
[WhiteElo "1719"]
[BlackElo "1990"]
[Annotator "ChessBase"]
[PlyCount "82"]
[EventDate "2024.08.01"]
[EventType "team-tourn"]
[EventCountry "KAZ"]
[SourceTitle "playchess.com"]
[Source "ChessBase"]
[SourceQuality "1"]

1. d4 d5 2. Bf4 c5 3. e3 cxd4 4. exd4 Nc6 5. c3 Nf6 6. Nf3 Bg4 7. Be2 e6 8. Nbd2 Bd6 9. Ne5 Bxe2 10. Qxe2 O-O 11. O-O Ne7 12. g4 Ng6 13. Bg3 Bxe5 14. dxe5 Nd7 15. Rae1 Qb6 16. Nb3 Rac8 17. Kh1 a5 18. f4 Rc4 19. Nd4 Ne7 20. f5 exf5 21. gxf5 f6 22. exf6 Nc6 23. Qe6+ Rf7 24. fxg7 Nxd4 25. cxd4 Qxd4 26. f6 Nxf6 27. Rxf6 Qxf6 28. Qxd5 Qf3+ 29. Qxf3 Rxf3 30. Be5 Kf7 31. Rg1 Rc8 32. Bc3 Rg8 33. Rd1 Re3 34. Rd7+ Re7 35. Rd5 a4 36. Rf5+ Ke8 37. Ra5 Kd7 38. Rxa4 Rf7 39. Rd4+ Kc7 40. Rc4+ Kb8 41. Be5+ Ka7 0-1

[Event "FIDE WRBTC Blitz-Pool 2024"]
[Site "Astana"]
[Date "2024.08.05"]
[Round "7.18"]
[White "Sembay, Aisana"]
[Black "Serikov, Merey"]
[Result "0-1"]
[WhiteElo "1527"]
[BlackElo "1616"]
[Annotator "NA"]
[PlyCount "68"]
[EventDate "2024.08.01"]
[EventType "team-tourn"]
[EventCountry "KAZ"]
[SourceTitle "playchess.com"]
[Source "ChessBase"]
[SourceQuality "1"]

1. e4 c5 2. Nf3 d6 3. d4 cxd4 4. Nxd4 Nf6 5. Nc3 a6 6. Be3 e5 7. Nf3 Be7 8. h3 b5 9. Bd3 Be6 10. a3 Qc7 11. O-O O-O 12. Re1 Rd8 13. Qe2 Nc6 14. Rad1 Rd7 15. Ng5 Nd8 16. Nxe6 Nxe6 17. Nd5 Nxd5 18. exd5 Nc5 19. Bxc5 Qxc5 20. Qe4 g6 21. Qe3 Rc8 22. Qxc5 Rxc5 23. Be4 f5 24. Bf3 e4 25. Be2 Bf6 26. c3 Rb7 27. f3 e3 28. Bd3 f4 29. Kh2 Rxd5 30. Bc4 bxc4 31. Rxd5 Be5 32. Rd2 exd2 33. Rd1 Rxb2 34. Kg1 Bxc3 0-1

[Event "FIDE WRBTC Blitz-Pool 2024"]
[Site "Astana"]
[Date "2024.08.05"]
[Round "7.19"]
[White "Gurel, Ediz"]
[Black "Tologon tegin, Semetei"]
[Result "1-0"]
[WhiteElo "2602"]
[BlackElo "2337"]
[Annotator "ChessBase"]
[PlyCount "71"]
[EventDate "2024.08.01"]
[EventType "team-tourn"]
[EventCountry "KAZ"]
[SourceTitle "playchess.com"]
[Source "ChessBase"]
[SourceQuality "1"]

1. Nf3 c5 2. b3 d5 3. e3 a6 4. Bb2 Nc6 5. Be2 Bg4 6. d4 e6 7. O-O Nf6 8. Nbd2 cxd4 9. Nxd4 Bxe2 10. Qxe2 Nxd4 11. Bxd4 Be7 12. c4 O-O 13. Rfd1 Qa5 14. cxd5 Qxd5 15. Nc4 Qb5 16. Qf3 Rac8 17. Bxf6 gxf6 18. Rd4 Rfd8 19. Rad1 Kh8 20. g3 f5 21. Qh5 Kg7 22. Qf3 Rxd4 23. exd4 Rd8 24. Ne3 Bg5 25. Nc4 Qd5 26. Qe2 Bf6 27. Ne3 Qe4 28. d5 Bd4 29. Nxf5+ Qxf5 30. Rxd4 Rxd5 31. Rf4 Qe5 32. Qg4+ Kf8 33. Qh4 Rd1+ 34. Kg2 Qd5+ 35. Kh3 Qd3 36. Qh5 1-0

[Event "FIDE WRBTC Blitz-Pool 2024"]
[Site "Astana"]
[Date "2024.08.05"]
[Round "7.19"]
[White "Orozbaev, Eldiyar"]
[Black "Saduakassov, Duman"]
[Result "1/2-1/2"]
[WhiteElo "2376"]
[BlackElo "1842"]
[Annotator "ChessBase"]
[PlyCount "101"]
[EventDate "2024.08.01"]
[EventType "team-tourn"]
[EventCountry "KAZ"]
[SourceTitle "playchess.com"]
[Source "ChessBase"]
[SourceQuality "1"]

1. g4 Nc6 2. Bg2 d5 3. h3 e5 4. c4 d4 5. d3 Bb4+ 6. Bd2 Nge7 7. a3 Bxd2+ 8. Nxd2 a5 9. Ngf3 a4 10. c5 O-O 11. O-O Be6 12. Rc1 Bd5 13. Nc4 f6 14. e4 Bxc4 15. Rxc4 Ng6 16. Rxa4 Kh8 17. Rxa8 Qxa8 18. Kh2 Qa5 19. Qc2 Nf4 20. Rc1 Ra8 21. Ng1 Qa4 22. Qxa4 Rxa4 23. Bf1 Ra5 24. Kg3 Ne6 25. h4 Rxc5 26. Rxc5 Nxc5 27. g5 Na4 28. b4 Nc3 29. Kg4 Kg8 30. f4 exf4 31. Kxf4 Nb1 32. b5 Ne5 33. a4 Nc3 34. Kf5 Kf7 35. gxf6 gxf6 36. Ne2 Nxa4 37. Nxd4 Nc5 38. Kf4 Ncxd3+ 39. Ke3 Nc5 40. Nf5 Ne6 41. Be2 Nc5 42. Bd1 Kf8 43. h5 Ne6 44. h6 Nc5 45. Bc2 Ne6 46. Bb3 Nc5 47. Ba2 Na4 48. Ng3 Nc3 49. Bb3 Nxb5 50. Nh5 Nd4 51. Kf4 1/2-1/2

[Event "FIDE WRBTC Blitz-Pool 2024"]
[Site "Astana"]
[Date "2024.08.05"]
[Round "7.19"]
[White "Sadek, Sameh"]
[Black "Khusnutdinov, Rustam"]
[Result "0-1"]
[WhiteElo "2286"]
[BlackElo "2429"]
[Annotator "ChessBase"]
[PlyCount "49"]
[EventDate "2024.08.01"]
[EventType "team-tourn"]
[EventCountry "KAZ"]
[SourceTitle "playchess.com"]
[Source "ChessBase"]
[SourceQuality "1"]

1. d4 d5 2. Nf3 Nf6 3. e3 c5 4. c3 Nc6 5. dxc5 a5 6. Bb5 e6 7. b4 Bd7 8. Qb3 Ne4 9. O-O b6 10. Bxc6 Bxc6 11. Nd4 Qc8 12. cxb6 axb4 13. cxb4 Ba4 14. Qb2 Qb7 15. a3 Qxb6 16. Nc3 Nd6 17. Nxa4 Rxa4 18. Qc2 Ra8 19. Bb2 Nc4 20. Nb3 f6 21. Rfe1 Bd6 22. e4 Nxb2 23. exd5 Be5 24. Nc5 exd5 25. f4 0-1

[Event "FIDE WRBTC Blitz-Pool 2024"]
[Site "Astana"]
[Date "2024.08.05"]
[Round "7.20"]
[White "Gubaydulin, Talgat"]
[Black "Hassan, Sayed Barakat"]
[Result "1-0"]
[WhiteElo "2385"]
[BlackElo "2279"]
[Annotator "ChessBase"]
[PlyCount "72"]
[EventDate "2024.08.01"]
[EventType "team-tourn"]
[EventCountry "KAZ"]
[SourceTitle "playchess.com"]
[Source "ChessBase"]
[SourceQuality "1"]

1. d4 Nf6 2. c4 d6 3. Nc3 e5 4. Nf3 Nc6 5. d5 Ne7 6. e4 g6 7. Be2 Bg7 8. O-O O-O 9. b4 a5 10. bxa5 Rxa5 11. a4 Ne8 12. Bd2 Ra8 13. Qc2 h6 14. Ne1 f5 15. exf5 gxf5 16. f4 e4 17. Be3 Nf6 18. Qd2 c5 19. dxc6 bxc6 20. Nc2 d5 21. Bc5 Rf7 22. Rad1 Be6 23. Nb4 Qc8 24. Bxe7 Rxe7 25. cxd5 cxd5 26. Nbxd5 Rd7 27. Qa2 Nxd5 28. Nxd5 Qc5+ 29. Kh1 Rxd5 30. Bc4 Rad8 31. Bxd5 Bxd5 32. Qd2 e3 33. Qe2 Re8 34. Rc1 Qa7 35. Rfd1 Qb7 36. a5 Be4 1-0

[Event "FIDE WRBTC Blitz-Pool 2024"]
[Site "Astana"]
[Date "2024.08.05"]
[Round "7.20"]
[White "Markov, Mikhail"]
[Black "Zemlyanskii, Ivan"]
[Result "0-1"]
[WhiteElo "2255"]
[BlackElo "2543"]
[Annotator "ChessBase"]
[PlyCount "108"]
[EventDate "2024.08.01"]
[EventType "team-tourn"]
[EventCountry "KAZ"]
[SourceTitle "playchess.com"]
[Source "ChessBase"]
[SourceQuality "1"]

1. c4 Nf6 2. Nf3 g6 3. g3 Bg7 4. Bg2 O-O 5. O-O c6 6. d4 d5 7. cxd5 cxd5 8. Nc3 Ne4 9. e3 Nc6 10. Nd2 Nf6 11. Nb3 Bg4 12. f3 Bd7 13. e4 dxe4 14. fxe4 e5 15. d5 Nd4 16. Nxd4 exd4 17. Qxd4 Ng4 18. Qd2 Rc8 19. h3 Qb6+ 20. Kh1 Ne5 21. Qf2 Qb4 22. Rb1 Nd3 23. Qe2 Nxc1 24. Rfxc1 Be5 25. Qe3 Qd6 26. Ne2 Rxc1+ 27. Rxc1 a5 28. b3 h5 29. h4 Bg4 30. Nf4 Re8 31. Kh2 Kg7 32. Nd3 Bf6 33. Qf4 Qxf4 34. Nxf4 Be5 35. Nd3 Bd6 36. Re1 f6 37. Rc1 g5 38. hxg5 fxg5 39. e5 Bxe5 40. Nxe5 Rxe5 41. Rc7+ Kf6 42. Rxb7 Re2 43. Kg1 h4 44. gxh4 gxh4 45. Rh7 Kg5 46. a3 Ra2 47. d6 Rd2 48. Rg7+ Kf4 49. d7 Bxd7 50. Rf7+ Kg5 51. Rg7+ Kf4 52. Rf7+ Kg3 53. Rg7+ Bg4 54. Bc6 Rd1# 0-1

[Event "FIDE WRBTC Blitz-Pool 2024"]
[Site "Astana"]
[Date "2024.08.05"]
[Round "7.20"]
[White "Serikgali Daulet"]
[Black "Zhakshylykov, Erzhan"]
[Result "0-1"]
[WhiteElo "1571"]
[BlackElo "2327"]
[Annotator "ChessBase"]
[PlyCount "60"]
[EventDate "2024.08.01"]
[EventType "team-tourn"]
[EventCountry "KAZ"]
[SourceTitle "playchess.com"]
[Source "ChessBase"]
[SourceQuality "1"]

1. e4 e5 2. Nf3 Nc6 3. Bc4 Bc5 4. b4 Bb6 5. c3 d6 6. O-O Nf6 7. d3 h6 8. a4 a5 9. b5 Ne7 10. Re1 O-O 11. Be3 Bxe3 12. Rxe3 Ng6 13. Nbd2 c6 14. d4 Qe7 15. Nf1 exd4 16. cxd4 Nxe4 17. d5 c5 18. Ng3 f5 19. Qe1 Qf6 20. Nxe4 fxe4 21. Rxe4 Bf5 22. Re3 Nf4 23. Nd2 b6 24. Ne4 Bxe4 25. Rxe4 Qg6 26. g3 Nh3+ 27. Kg2 Nxf2 28. Re6 Qf5 29. Ra2 Qf3+ 30. Kg1 Nh3# 0-1

[Event "FIDE WRBTC Blitz-Pool 2024"]
[Site "Astana"]
[Date "2024.08.05"]
[Round "7.21"]
[White "Samadov, Read"]
[Black "Erzhanov, Arman"]
[Result "1-0"]
[WhiteElo "2509"]
[BlackElo "2114"]
[Annotator "ChessBase"]
[PlyCount "135"]
[EventDate "2024.08.01"]
[EventType "team-tourn"]
[EventCountry "KAZ"]
[SourceTitle "playchess.com"]
[Source "ChessBase"]
[SourceQuality "1"]

1. d4 d6 2. Nf3 g6 3. c4 Bg7 4. Nc3 e5 5. dxe5 dxe5 6. Qxd8+ Kxd8 7. Bg5+ f6 8. O-O-O+ Nd7 9. Be3 Nh6 10. g3 Ng4 11. Bh3 Nxe3 12. fxe3 c6 13. Ne4 Kc7 14. Nd6 Rd8 15. Nf7 Rf8 16. Nd6 Rd8 17. Kc2 Nb6 18. Nxc8 Nxc8 19. Rxd8 Kxd8 20. Rd1+ Ke8 21. Rd7 Ne7 22. Rxb7 Bh6 23. Bd7+ Kf8 24. e4 Be3 25. b4 a5 26. b5 cxb5 27. cxb5 Rd8 28. Ne1 f5 29. Nd3 Bd4 30. exf5 gxf5 31. e3 Bxe3 32. Nxe5 Bg1 33. Nc6 Ra8 34. Nxe7 Kxe7 35. Bxf5+ Kf6 36. Be4 Rc8+ 37. Bc6 Bxh2 38. g4 Kg5 39. Rxh7 Bg1 40. Kb3 Bf2 41. Rf7 Bd4 42. Kc4 Bg1 43. a4 Rd8 44. Bd7 Kg6 45. Rf1 Bb6 46. Kd5 Rxd7+ 47. Kc6 Rd4 48. Kxb6 Rxa4 49. Ka6 Kg5 50. b6 Kxg4 51. b7 Rb4 52. Ra1 a4 53. Ka7 Kf5 54. b8=Q Rxb8 55. Kxb8 Ke5 56. Rxa4 Kd5 57. Kc7 Kc5 58. Ra5+ Kd4 59. Kd6 Ke4 60. Rd5 Kf4 61. Re5 Kf3 62. Kd5 Kf4 63. Kd4 Kf3 64. Re4 Kg3 65. Ke3 Kh3 66. Kf3 Kh2 67. Rh4+ Kg1 68. Rh3 1-0

[Event "FIDE WRBTC Blitz-Pool 2024"]
[Site "Astana"]
[Date "2024.08.05"]
[Round "7.21"]
[White "Wafa, Hamed"]
[Black "Rodionov, Adil"]
[Result "1-0"]
[WhiteElo "2345"]
[BlackElo "2353"]
[Annotator "ChessBase"]
[PlyCount "47"]
[EventDate "2024.08.01"]
[EventType "team-tourn"]
[EventCountry "KAZ"]
[SourceTitle "playchess.com"]
[Source "ChessBase"]
[SourceQuality "1"]

1. e4 c5 2. Nf3 g6 3. c3 d5 4. e5 Nc6 5. Bb5 Bg4 6. d4 Qb6 7. Bxc6+ bxc6 8. Nbd2 cxd4 9. cxd4 Qa6 10. h3 Bxf3 11. Nxf3 e6 12. Qe2 Qxe2+ 13. Kxe2 c5 14. Be3 cxd4 15. Nxd4 Bg7 16. f4 Ne7 17. Rhc1 O-O 18. Rc7 Nf5 19. Nxf5 gxf5 20. Rxa7 Rab8 21. b3 Rb4 22. Rc1 f6 23. Rcc7 Bh6 24. Rxh7 1-0

[Event "FIDE WRBTC Blitz-Pool 2024"]
[Site "Astana"]
[Date "2024.08.05"]
[Round "7.21"]
[White "Sharshenbekov, Emir"]
[Black "Kalikhan, Abilmansur"]
[Result "1-0"]
[WhiteElo "2078"]
[BlackElo "1670"]
[Annotator "ChessBase"]
[PlyCount "71"]
[EventDate "2024.08.01"]
[EventType "team-tourn"]
[EventCountry "KAZ"]
[SourceTitle "playchess.com"]
[Source "ChessBase"]
[SourceQuality "1"]

1. e4 e6 2. d3 d5 3. Nd2 c5 4. Ngf3 Nf6 5. g3 Nc6 6. Bg2 Be7 7. O-O b6 8. Re1 Bb7 9. Qe2 O-O 10. c3 d4 11. c4 e5 12. Rf1 h6 13. Nh4 Bc8 14. f4 Ng4 15. Nf5 Bxf5 16. exf5 Ne3 17. Bxc6 Rc8 18. Bd5 Nxf1 19. Qxf1 exf4 20. Qxf4 Bg5 21. Qf3 Be3+ 22. Kg2 Qc7 23. Ne4 Bxc1 24. Rxc1 Qe5 25. Qg4 Kh7 26. Rf1 g6 27. Bxf7 g5 28. f6 Rc6 29. Rf5 Qc7 30. Nxg5+ Kh8 31. Qh5 Rxf7 32. Nxf7+ Kg8 33. Qg6+ Kf8 34. Re5 Qxf7 35. Qxh6+ Kg8 36. Re8+ 1-0

[Event "FIDE WRBTC Blitz-Pool 2024"]
[Site "Astana"]
[Date "2024.08.05"]
[Round "7.22"]
[White "Kovanova, Mariya"]
[Black "Wageih, Kareim"]
[Result "0-1"]
[WhiteElo "2118"]
[BlackElo "2402"]
[Annotator "ChessBase"]
[PlyCount "82"]
[EventDate "2024.08.01"]
[EventType "team-tourn"]
[EventCountry "KAZ"]
[SourceTitle "playchess.com"]
[Source "ChessBase"]
[SourceQuality "1"]

1. e4 c5 2. d4 cxd4 3. Qxd4 Nc6 4. Qd3 e6 5. Nf3 Nf6 6. Be2 d6 7. Nc3 Be7 8. O-O O-O 9. Bf4 a6 10. Rad1 e5 11. Be3 Be6 12. Nd5 Bxd5 13. exd5 e4 14. Qc4 exf3 15. Bxf3 Ne5 16. Qf4 Nxf3+ 17. Qxf3 Nd7 18. c3 Ne5 19. Qg3 Qa5 20. f4 Nc4 21. Bd4 f6 22. Rde1 Rae8 23. Qg4 Qxd5 24. Rf3 Bd8 25. Ref1 Nd2 26. Rg3 Rf7 27. Rd1 Ne4 28. Rh3 Bb6 29. Bxb6 Qxa2 30. Qf5 h6 31. Qd5 Qxb2 32. Rf3 Qxb6+ 33. Kf1 Qb5+ 34. Qxb5 axb5 35. g3 f5 36. Kg2 Rc7 37. Rfd3 Rxc3 38. Rd5 Rc2+ 39. Kg1 Nf2 40. Rb1 Nh3+ 41. Kh1 Ree2 0-1

[Event "FIDE WRBTC Blitz-Pool 2024"]
[Site "Astana"]
[Date "2024.08.05"]
[Round "7.22"]
[White "Zlotnik, Andrey"]
[Black "Bivol, Alina"]
[Result "1/2-1/2"]
[WhiteElo "2096"]
[BlackElo "2345"]
[Annotator "ChessBase"]
[PlyCount "265"]
[EventDate "2024.08.01"]
[EventType "team-tourn"]
[EventCountry "KAZ"]
[SourceTitle "playchess.com"]
[Source "ChessBase"]
[SourceQuality "1"]

1. d4 d5 2. Nc3 e6 3. Bf4 Bb4 4. Qd2 Nf6 5. f3 Nbd7 6. a3 Ba5 7. b4 Bb6 8. e3 c6 9. g4 a5 10. Rb1 axb4 11. axb4 Bc7 12. Nge2 h6 13. h4 Bxf4 14. Nxf4 e5 15. dxe5 Nxe5 16. Be2 Qe7 17. Kf2 Bd7 18. Qd4 Rc8 19. g5 Ng8 20. Rbg1 hxg5 21. Rxg5 f6 22. Rh5 Rxh5 23. Nxh5 Nh6 24. Rg1 g6 25. Nf4 Nf5 26. Qb6 Nxh4 27. Qxb7 Bf5 28. Qa6 g5 29. Nfxd5 cxd5 30. Nxd5 Qe6 31. Nxf6+ Kf7 32. Qxe6+ Kxe6 33. Nh5 Rxc2 34. Rxg5 Nhxf3 35. Nf4+ Kf6 36. Rg8 Be4 37. Rf8+ Ke7 38. Rg8 Nh4 39. b5 Nf5 40. Rh8 Nd3+ 41. Kg1 Nxf4 42. exf4 Rxe2 43. b6 Rb2 44. Rb8 Nd6 45. Kf1 Nc4 46. b7 Rxb7 47. Rxb7+ Bxb7 48. Kf2 Kf6 49. f5 Kxf5 50. Ke2 Ke4 51. Kf2 Bc8 52. Ke2 Bg4+ 53. Kf2 Kf4 54. Ke1 Ke3 55. Kf1 Bf3 56. Ke1 Ne5 57. Kf1 Nd3 58. Kg1 Kf4 59. Kf1 Kg3 60. Kg1 Be2 61. Kh1 Ne5 62. Kg1 Ng4 63. Kh1 Bc4 64. Kg1 Ne3 65. Kh1 Nc2 66. Kg1 Nd4 67. Kh1 Bb5 68. Kg1 Ne2+ 69. Kf1 Nf4+ 70. Ke1 Kf3 71. Kd2 Ke4 72. Kc3 Bd7 73. Kc4 Be6+ 74. Kc5 Ke5 75. Kb4 Kd4 76. Kb5 Kd5 77. Kb4 Kd4 78. Kb5 Nd3 79. Kc6 Ke5 80. Kb5 Kd5 81. Ka4 Kc4 82. Ka3 Bd7 83. Ka2 Kc3 84. Ka3 Nc5 85. Ka2 Be6+ 86. Ka3 Nd3 87. Ka4 Kb2 88. Kb5 Kb3 89. Kc6 Kc4 90. Kd6 Bg8 91. Ke7 Kd5 92. Kf6 Be6 93. Ke7 Ne5 94. Kf6 Nf3 95. Ke7 Ke5 96. Kf8 Kf6 97. Ke8 Nd4 98. Kf8 Nf5 99. Ke8 Nh4 100. Kd8 Ke5 101. Kc7 Kd5 102. Kb6 Nf5 103. Kb5 Nd4+ 104. Kb4 Ke4 105. Kc5 Bd5 106. Kb4 Bf7 107. Kc5 Ke5 108. Kb4 Kd5 109. Kc3 Nb5+ 110. Kd3 Bg6+ 111. Ke3 Nd4 112. Kf4 Bh7 113. Ke3 Nb3 114. Kf4 Kd4 115. Kg5 Bc2 116. Kf6 Nc5 117. Kg5 Ke5 118. Kg4 Ne6 119. Kf3 Be4+ 120. Ke3 Kd5 121. Kd2 Kd4 122. Ke2 Ke5 123. Ke3 Nc5 124. Kd2 Kd4 125. Ke2 Nd3 126. Kd2 Bf3 127. Kc2 Ne5 128. Kb3 Kc5 129. Kc3 Be4 130. Kd2 Kd4 131. Ke2 Ng4 132. Kd2 Bf3 133. Kc2 1/2-1/2

[Event "FIDE WRBTC Blitz-Pool 2024"]
[Site "Astana"]
[Date "2024.08.05"]
[Round "7.22"]
[White "Almazuly, Azamat"]
[Black "Iunusov, Nuriddin"]
[Result "0-1"]
[WhiteElo "1720"]
[BlackElo "1925"]
[Annotator "ChessBase"]
[PlyCount "75"]
[EventDate "2024.08.01"]
[EventType "team-tourn"]
[EventCountry "KAZ"]
[SourceTitle "playchess.com"]
[Source "ChessBase"]
[SourceQuality "1"]

1. d4 Nf6 2. c4 c5 3. d5 d6 4. Nc3 g6 5. e4 Bg7 6. f4 e6 7. Nf3 exd5 8. cxd5 O-O 9. Bd3 Bg4 10. O-O Nfd7 11. h3 Bxf3 12. Qxf3 Na6 13. Be3 Nc7 14. Rae1 a6 15. a4 Rb8 16. g4 b5 17. axb5 axb5 18. f5 g5 19. Qg3 Be5 20. Qf2 h6 21. h4 Kg7 22. Ne2 f6 23. b3 Ra8 24. hxg5 hxg5 25. Kg2 Ra2 26. Rh1 Rb2 27. Rh5 Rh8 28. Rxh8 Qxh8 29. Rh1 Qg8 30. Rb1 Rxb1 31. Bxb1 Qa8 32. Ng3 Bxg3 33. Qxg3 Ne5 34. Kh3 Qa1 35. Qe1 b4 36. Qd1 Nb5 37. Bc2 Qc3 38. Qd2 0-1

[Event "FIDE WRBTC Blitz-Pool 2024"]
[Site "Astana"]
[Date "2024.08.05"]
[Round "7.23"]
[White "Wafa, Shrook"]
[Black "Primbetov, Kazbek"]
[Result "0-1"]
[WhiteElo "2137"]
[BlackElo "2059"]
[Annotator "ChessBase"]
[PlyCount "84"]
[EventDate "2024.08.01"]
[EventType "team-tourn"]
[EventCountry "KAZ"]
[SourceTitle "playchess.com"]
[Source "ChessBase"]
[SourceQuality "1"]

1. e4 c5 2. Nf3 d6 3. d4 cxd4 4. Nxd4 Nf6 5. Nc3 Nc6 6. Be2 e5 7. Nf3 h6 8. O-O Be7 9. h3 O-O 10. Be3 Be6 11. Qd2 d5 12. exd5 Nxd5 13. Nxd5 Qxd5 14. Rfd1 Qxd2 15. Rxd2 f5 16. Rdd1 f4 17. Bd2 e4 18. Nh2 f3 19. gxf3 Nd4 20. Bf1 exf3 21. Re1 Bh4 22. Rac1 Rae8 23. Be3 Ne2+ 24. Bxe2 fxe2 25. Rxe2 Bxh3 26. Rd2 a6 27. Rd3 Rf6 28. Bf4 Rg6+ 29. Bg3 Bf5 30. Rf3 Be4 31. Re3 Bc6 32. Rce1 Rd8 33. Nf1 Bg5 34. Re6 Rxe6 35. Rxe6 Rd1 36. b3 Ra1 37. f4 Bf6 38. a4 Ra2 39. Re2 Bf3 40. Rf2 Be4 41. c4 Bd4 42. Nd2 Rxd2 0-1

[Event "FIDE WRBTC Blitz-Pool 2024"]
[Site "Astana"]
[Date "2024.08.05"]
[Round "7.23"]
[White "Tregubenko, Nikolay"]
[Black "Samaganova, Aleksandra"]
[Result "1-0"]
[WhiteElo "2023"]
[BlackElo "1948"]
[Annotator "ChessBase"]
[PlyCount "101"]
[EventDate "2024.08.01"]
[EventType "team-tourn"]
[EventCountry "KAZ"]
[SourceTitle "playchess.com"]
[Source "ChessBase"]
[SourceQuality "1"]

1. e4 c5 2. Nf3 e6 3. d4 cxd4 4. Nxd4 a6 5. Bd3 Qc7 6. O-O Nf6 7. Qe2 d6 8. c4 Nbd7 9. b3 Be7 10. Bb2 b6 11. Nc3 Bb7 12. Kh1 O-O 13. f4 Rac8 14. Rae1 Ne8 15. e5 g6 16. Ba3 Nc5 17. Bc2 Ng7 18. Ne4 Nxe4 19. Bxe4 Bxe4 20. exd6 Bxd6 21. Bxd6 Bxg2+ 22. Kxg2 Qxd6 23. Qe4 Rfd8 24. Rd1 Qc5 25. Nc6 Rxd1 26. Rxd1 Nf5 27. Rd8+ Rxd8 28. Nxd8 Qd6 29. Nc6 Qd2+ 30. Kh3 Qf2 31. Ne5 h5 32. Qf3 Qd2 33. a4 Qe1 34. Qb7 Qh4+ 35. Kg2 Qf6 36. Qxb6 Nh4+ 37. Kg3 Nf5+ 38. Kg2 Kg7 39. Qf2 Qd8 40. c5 Qd5+ 41. Kg1 Nd4 42. b4 Nb3 43. c6 Qd6 44. b5 axb5 45. axb5 Nd4 46. Qb2 Qc5 47. Kf1 Nxb5 48. Nd7+ Qd4 49. Qxd4+ Nxd4 50. c7 Nb5 51. c8=Q 1-0

[Event "FIDE WRBTC Blitz-Pool 2024"]
[Site "Astana"]
[Date "2024.08.05"]
[Round "7.23"]
[White "Lesbekova, Assel"]
[Black "Kiribayeva, Togzhan"]
[Result "1-0"]
[WhiteElo "1903"]
[BlackElo "1544"]
[Annotator "ChessBase"]
[PlyCount "145"]
[EventDate "2024.08.01"]
[EventType "team-tourn"]
[EventCountry "KAZ"]
[SourceTitle "playchess.com"]
[Source "ChessBase"]
[SourceQuality "1"]

1. e4 c5 2. Nf3 Nc6 3. Bb5 g6 4. Bxc6 dxc6 5. O-O Bg7 6. d3 Nf6 7. Nbd2 O-O 8. a4 Nd7 9. Nb3 e5 10. a5 Qe7 11. Bg5 f6 12. Be3 Rb8 13. Re1 Re8 14. c3 b6 15. Nfd2 Nf8 16. d4 cxd4 17. cxd4 exd4 18. Nxd4 Bd7 19. Qb3+ Kh8 20. axb6 axb6 21. f3 c5 22. Nb5 Be6 23. Qc2 Qd7 24. Na3 Qc7 25. Red1 Red8 26. g3 Qf7 27. Bf4 Ra8 28. Nac4 b5 29. Nb6 Rxa1 30. Rxa1 c4 31. Nf1 Nd7 32. Nxd7 Qxd7 33. Ne3 Kg8 34. Rd1 Qe7 35. Rxd8+ Qxd8 36. Qd1 Qxd1+ 37. Nxd1 Kf7 38. Bd6 Ke8 39. Kf2 Kd7 40. Bb4 f5 41. Ke3 Kc6 42. Nc3 fxe4 43. fxe4 Bxc3 44. bxc3 Bg4 45. Kf4 Be6 46. Ke5 Bg8 47. Kf6 Kd7 48. Kg7 Be6 49. Kxh7 Bg4 50. Kxg6 Ke6 51. h4 Ke5 52. h5 Kxe4 53. h6 Bf5+ 54. Kg7 Kf3 55. Bd6 b4 56. Bxb4 Kxg3 57. h7 Bxh7 58. Kxh7 Kf3 59. Kg6 Ke4 60. Kg5 Kd3 61. Kf4 Kc2 62. Ke4 Kb2 63. Kd5 Kb3 64. Kd4 Ka4 65. Bf8 Kb3 66. Bh6 Ka4 67. Kxc4 Ka5 68. Kd5 Kb6 69. Kd6 Kb7 70. c4 Kc8 71. c5 Kb7 72. Kd7 Kb8 73. c6 1-0

[Event "FIDE WRBTC Blitz-Pool 2024"]
[Site "Astana"]
[Date "2024.08.05"]
[Round "7.24"]
[White "Tynybekov, Bakyt"]
[Black "Berikkyzy Alanna"]
[Result "1-0"]
[WhiteElo "1795"]
[BlackElo "1869"]
[Annotator "NA"]
[PlyCount "107"]
[EventDate "2024.08.01"]
[EventType "team-tourn"]
[EventCountry "KAZ"]
[SourceTitle "playchess.com"]
[Source "ChessBase"]
[SourceQuality "1"]

1. b3 e5 2. Bb2 Nc6 3. e3 Nf6 4. d4 exd4 5. exd4 d5 6. Nf3 Bd6 7. Be2 O-O 8. O-O Re8 9. c4 Bf8 10. Nbd2 Bf5 11. Re1 Nb4 12. Nh4 Bc2 13. Qc1 Ne4 14. Nhf3 Bd3 15. Ne5 Bxe2 16. Rxe2 f6 17. Nxe4 dxe4 18. Ng4 Nd3 19. Qc2 Qd7 20. h3 Nxb2 21. Qxb2 Rad8 22. Rd1 Bd6 23. Qc2 f5 24. Ne3 f4 25. Nd5 c6 26. Nc3 e3 27. Ne4 exf2+ 28. Rxf2 Bb8 29. Nc5 Qc7 30. Rf3 Qb6 31. Qf5 Qc7 32. Kf2 Kh8 33. Ne6 Qd7 34. d5 cxd5 35. cxd5 Rc8 36. Kg1 Qd6 37. Qf7 Rg8 38. Ng5 Qc5+ 39. Kh1 h6 40. Ne6 Qd6 41. Qg6 Rc2 42. Qg4 Qe7 43. Nxf4 Qf6 44. Ng6+ Kh7 45. Rxf6 gxf6 46. Qf5 Rc7 47. Ne7+ Kh8 48. Nxg8 Kxg8 49. d6 Rf7 50. d7 Bc7 51. d8=Q+ Bxd8 52. Rxd8+ Kg7 53. Qg4+ Kh7 54. Qg8# 1-0

[Event "FIDE WRBTC Blitz-Pool 2024"]
[Site "Astana"]
[Date "2024.08.05"]
[Round "7.24"]
[White "Amangaliyev, Dauletkhan"]
[Black "Tazhimyrzaev, Elzar"]
[Result "1/2-1/2"]
[WhiteElo "1531"]
[BlackElo "1885"]
[Annotator "NA"]
[PlyCount "85"]
[EventDate "2024.08.01"]
[EventType "team-tourn"]
[EventCountry "KAZ"]
[SourceTitle "playchess.com"]
[Source "ChessBase"]
[SourceQuality "1"]

1. e4 e5 2. Nf3 d5 3. d3 dxe4 4. dxe4 Qxd1+ 5. Kxd1 Bg4 6. Bd3 Nc6 7. c3 O-O-O 8. Kc2 Bc5 9. Be3 Bxe3 10. fxe3 f6 11. Nbd2 Nge7 12. Nb3 b6 13. h3 Be6 14. Rad1 a5 15. Kb1 Kb7 16. Be2 a4 17. Nbd2 Na5 18. Bb5 Bd7 19. c4 Bxb5 20. cxb5 Rd3 21. Rhe1 Rhd8 22. Kc2 c5 23. bxc6+ Nexc6 24. a3 b5 25. Nf1 Rxd1 26. Rxd1 Rxd1 27. Kxd1 Nc4 28. Kc2 Ne7 29. Nh4 g6 30. g4 Nc8 31. Nf3 N8d6 32. N3d2 Kc6 33. b3 axb3+ 34. Kxb3 Kc5 35. a4 bxa4+ 36. Kxa4 Nb2+ 37. Kb3 Nd3 38. Ng3 Nf2 39. Kc3 Nb5+ 40. Kc2 Nd6 41. Kc3 Nb5+ 42. Kc2 Nd6 43. Kc3 1/2-1/2